| 000 | 00789nam a22002777a 4500 | ||
|---|---|---|---|
| 001 | 0003566 | ||
| 003 | KOHA_MİRAKIL | ||
| 005 | 20260207001340.0 | ||
| 007 | ta | ||
| 008 | 090409b2002 tu |||gr||||#||||1|tur | | ||
| 020 | _a975863142X | ||
| 040 |
_aTR-BiSEU _btur _cTR-BiSEU _erda |
||
| 041 | 0 | _atur | |
| 044 | _ctu | ||
| 050 |
_aPG3465 _b.B46 2002 |
||
| 100 | 1 | _aGorki, Maksim . | |
| 245 | 1 |
_aBenim üniversitelerim/ _cMaksim Gorki ; Maksim Gorki; çeviren Mehmet Zorludağ. |
|
| 264 | 1 |
_aİzmir : _bİlya İzmir Yayınevi Matbaası _c2002 |
|
| 300 | _a194 sayfa; 21 cm. | ||
| 336 |
_ametin _btxt _2rdacontent |
||
| 337 |
_aaracısız _bn _2rdamedia |
||
| 338 |
_acilt _bnc _2rdacarrier |
||
| 490 | 0 | _aEdebiyat Dizisi. | |
| 830 | 0 |
_aEdebiyat Dizisi. _96281 |
|
| 942 |
_2lcc _cBK |
||
| 999 |
_c3550 _d3550 |
||